| 000 | 01004nam a2200325 a 4500 | ||
|---|---|---|---|
| 001 | 000108904 | ||
| 003 | CHAP | ||
| 005 | 20220329144029.0 | ||
| 008 | 140319s2013 it a |r| ||||||eng d | ||
| 010 | _a105366 | ||
| 011 | _a106338 | ||
| 020 | _a9789251074411 | ||
| 040 | _cCHAP | ||
| 082 | 0 | 4 |
_a363.81 _bF21y |
| 245 | 1 | 0 |
_aGuidance note : _bintegrating the right to adequate food into food and nutrition security programmes / _cpor FAO. |
| 260 |
_aRoma : _bFAO, _cc2013. |
||
| 300 |
_avii, 70 p. : _bil. |
||
| 590 |
_aBATCH-UPD _b05 _c20140319 _lUCH01 _h1018 |
||
| 590 |
_aE5995AHE _b05 _c20140319 _lUCH01 _h1017 |
||
| 590 |
_aE5995AHE _b05 _c20140319 _lUCH01 _h1022 |
||
| 590 |
_aE5995AHE _b05 _c20140319 _lUCH01 _h1028 |
||
| 650 | 4 |
_aDerecho a la alimentación. _9125987 |
|
| 650 | 4 |
_aEscasez de alimentos. _937476 |
|
| 650 | 4 |
_aNutrición humana. _9125570 |
|
| 650 | 4 |
_aPolítica alimentaria. _990389 |
|
| 650 | 4 |
_aSeguridad alimentaria. _9103673 |
|
| 901 | _aBK | ||
| 942 | _cLIBRO | ||
| 942 | _n0 | ||
| 999 |
_c105366 _d105366 |
||